Music Quiz

Random Music or Musical Quiz

Musical Chairs Quiz Stats

 Plays Quiz not verified by Sporcle

Score 0/5 Timer 03:00
0 Plays Today
Names Word/last 2 letters % Correct
????
100%
????
77.8%
????
77.8%
????
50%
????
44.4%

You're not logged in!

Compare scores with friends on all Sporcle quizzes.
OR
Log In

Show Comments

Extras

Created Feb 19, 2012ReportNominate
Tags:Musical Quiz, chair, composer, last

Top Quizzes Today


Score Distribution

Your Account Isn't Verified!

In order to create a playlist on Sporcle, you need to verify the email address you used during registration. Go to your Sporcle Settings to finish the process.

Report this User

Report this user for behavior that violates our Community Guidelines.

Details: